ბათუმის შოთა რუსთაველის სახელმწიფო უნივერსიტეტის ბიბლიოთეკა

ბიზნესი : (ბიბ.ჩანაწერი № 34443)

000 -ლიდერი
ფიქსირებული სიგრძის საკონტროლო ველი 01241nam a2200265Ia 4500
001 - საკონტროლო ნომერი
საკონტროლო ველი 187
003 - საკონტროლო ნომრის იდენტიფიკატორი
საკონტროლო ველი GE_BSU
005 - ბოლო ოპერაციის თარიღი და დრო
საკონტროლო ველი 20220927112815.0
008 - ფიქსირებული სიგრძის მონაცემთა ელემენტები - ზოგადი ინფორმაცია
ფიქსირებული სიგრძის საკონტროლო ველი 181216s2007||||ge |||||||||||||| ||geo||
020 ## - წიგნის საერთაშორისო სტანდარტული ნომერი
International Standard Book Number 9789941000850
040 ## - კატალოგიზაციის წყარო
Transcribing agency GE_BSU
041 ## - ენის კოდი
Language code of text/sound track or separate title geo
080 ## - უნივერსალური ათობითი კლასიფიკაციის ინდექსი
Universal Decimal Classification number 338.22(075.8)+339.372(075.8)+334.7(075.8) ე–82
100 ## - მთავარი ჩანაწერი - პიროვნების სახელი
Personal name ერქომაიშვილი, გულნაზ
9 (RLIN) 2815
245 ## - ცნობა სათაურის შესახებ
Title ბიზნესი :
Remainder of title ფირმის ფუნქციონირების ძირითადი ასპექტები /
Statement of responsibility, etc გულნაზ ერქომაიშვილი ; [რედ. ეთერ ხარაიშვილი] ; თსუ.
264 ## - წარმოების, გამოცემის, დისტრიბუციის და სხვა ცნობები
გამოცემის, წარმოების, დისტრიბუციის... ადგილი თბილისი :
გამოცემის, წარმოების, დისტრიბუციის... სახელწოდება თსუ,
გამოცემის, წარმოების, დისტრიბუციის... თარიღი 2007.
300 ## - ფიზიკური აღწერა
Extent 364 გვ.
Other physical details ილ. ;
Dimensions 22სმ.
501 ## - შენიშვნა თანმხლებ მასალაზე
With note დანართები: გვ. 299-364.
504 ## - BIBLIOGRAPHY, ETC. NOTE
Bibliography, etc ბიბლიოგრ.: გვ. 296-298.
653 ## - INDEX TERM--UNCONTROLLED
Uncontrolled term ბიზნესი
653 ## - INDEX TERM--UNCONTROLLED
Uncontrolled term საქართველოს საგადასახადო სისტემა
653 ## - INDEX TERM--UNCONTROLLED
Uncontrolled term საქართველოში მოქმედი ფირმები
653 ## - INDEX TERM--UNCONTROLLED
Uncontrolled term ფირმების მართვა
942 ## - ADDED ENTRY ELEMENTS (KOHA)
Koha item type წიგნი
Source of classification or shelving scheme
ეგზემპლარები
ჩამოწერის სტატუსი დაკარგული ეგზემპლარის სტატუსი კლასიფიკაციის წყარო ან თაროზე გაწყობის სქემა დაზიანების სტატუსი არ გაიცემა მუდმივი მდებარეობა (დაცვის ადგილი) ამჟამინდელი ადგილსამყოფელი თაროზე განთავსების ადგილი შეძენის თარიღი ღირებულება, შესყიდვის ნორმალური ფასი სრული შენახვის შიფრი შტრიხკოდი ბოლო ოპერაციის თარიღი ეგზემპლარის მიმდევრობითი ნომერი (კეტერი?) ფასის ძალაში შესვლის თარიღი ეგზემპლარის სახეობა საჯარო შენიშვნა
          ბათუმის შოთა რუსთაველის სახელმწიფო უნივერსიტეტის მთავარი ბიბლიოთეკა ბათუმის შოთა რუსთაველის სახელმწიფო უნივერსიტეტის მთავარი ბიბლიოთეკა წიგნსაცავი 2018-12-17 20.00 338.22(075.8)+339.372(075.8)+334.7(075.8) ე–82 2060 2018-12-17 2060 2018-12-17 წიგნი 20 ლ.
          ბათუმის შოთა რუსთაველის სახელმწიფო უნივერსიტეტის მთავარი ბიბლიოთეკა ბათუმის შოთა რუსთაველის სახელმწიფო უნივერსიტეტის მთავარი ბიბლიოთეკა წიგნსაცავი 2018-12-17 20.00 338.22(075.8)+339.372(075.8)+334.7(075.8) ე–82 2059 2018-12-17 2059 2018-12-17 წიგნი 20 ლ.